LIBRARY & INFORMATION CENTRE, KCAET, TAVANUR

ONLINE PUBLIC ACCESS CATALOGUE (OPAC)

Leveraging visual basic with activeX controls / (Record no. 9731)

MARC details
000 -LEADER
fixed length control field 00453cam a2200169ua 4500
041 ## - LANGUAGE CODE
Language code of text/sound track or separate title eng
082 ## - DEWEY DECIMAL CLASSIFICATION NUMBER
Classification number 005.369
Item number FRE/LE
100 ## - MAIN ENTRY--AUTHOR NAME
Personal name Freeze, Wayne S .
245 ## - TITLE STATEMENT
Title Leveraging visual basic with activeX controls /
260 ## - PUBLICATION, DISTRIBUTION, ETC. (IMPRINT)
Place of publication New Delhi :
Name of publisher Galgotia publication pvt ltd ,
Year of publication 1997.
300 ## - PHYSICAL DESCRIPTION
Number of Pages 593 ; .
942 ## - ADDED ENTRY ELEMENTS (KOHA)
Koha item type Books
Holdings
Withdrawn status Lost status Damaged status Home library Current library Date acquired Full call number Accession Number Koha item type
      KAUAET KAUAET 07/04/2012 005.369 19778 Books
free website counter